|
|
|
|
| LEADER |
01019nam a2200241 a 4500 |
| 001 |
1982365 |
| 008 |
090630s1990 nyua b 001 0 eng d |
| 010 |
|
|
|a 89039819
|
| 040 |
|
|
|a DLC
|c DLC
|d DLC
|
| 082 |
0 |
0 |
|a 729/.2
|2 20
|
| 245 |
1 |
0 |
|a Time-saver standards for building types,
|n Part 2 /
|c edited by Joseph De Chiara and John Hancock Callender.
|
| 250 |
|
|
|a 3rd ed.
|
| 260 |
|
|
|a New York :
|b McGraw-Hill,
|c c1990.
|
| 300 |
|
|
|a xvii, 1413 p. :
|b ill. ;
|c 29 cm.
|
| 504 |
|
|
|a Includes bibliographical references (p. [1405]-1406) and index.
|
| 541 |
1 |
|
|e 00011781
|
| 650 |
|
0 |
|a Modular coordination (Architecture)
|
| 650 |
|
0 |
|a Building materials
|x Standards.
|
| 700 |
1 |
|
|a De Chiara, Joseph,
|d 1929-
|
| 700 |
1 |
|
|a Callender, John Hancock.
|
| 852 |
4 |
|
|a Ayesha Abed Library
|j General shelf
|
| 999 |
|
|
|c 2006
|d 2006
|
| 952 |
|
|
|0 0
|1 0
|2 ddc
|4 0
|6 729_200000000000000_TIM_1990
|7 0
|9 1843
|a BRACUL
|b BRACUL
|c GEN
|d 2009-07-05
|g 0.00
|l 15
|m 77
|o 729.2 TIM
|p 3010011781
|r 2026-01-18
|s 2026-01-17
|t 1
|w 2009-07-05
|y BK
|x No price found in the accession register.
|